PRACTICAL PHARMACUTICAL CHEMISTRY - PART TWO (Record no. 8061)

MARC details
000 -LEADER
fixed length control field 00508nam a22001817a 4500
005 - DATE AND TIME OF LATEST TRANSACTION
control field 20230110105807.0
008 - FIXED-LENGTH DATA ELEMENTS--GENERAL INFORMATION
fixed length control field 221216b |||||||| |||| 00| 0 eng d
020 ## - INTERNATIONAL STANDARD BOOK NUMBER
ISBN 81-239-0514-3
041 ## - LANGUAGE CODE
Language code of text/sound track or separate title eng
082 ## - DEWEY DECIMAL CLASSIFICATION NUMBER
Classification number 615.190 BEC-P
100 ## - MAIN ENTRY--AUTHOR NAME
Personal name BECKETT ,A.H ,AND STENLAK E , J.B .
245 ## - TITLE STATEMENT
Title PRACTICAL PHARMACUTICAL CHEMISTRY - PART TWO
250 ## - EDITION STATEMENT
Edition statement 4th ed.
260 ## - PUBLICATION, DISTRIBUTION, ETC. (IMPRINT)
Place of publication MUMBAI
Name of publisher CSB PUBLISHERS & DISTRIBUTORS
Year of publication 2005
300 ## - PHYSICAL DESCRIPTION
Number of Pages 602;P.
650 ## - SUBJECT ADDED ENTRY--TOPICAL TERM
Topical Term PHARMACY
General subdivision D.PHARMA
942 ## - ADDED ENTRY ELEMENTS (KOHA)
Koha item type Books
Holdings
Lost status Damaged status Collection code Home library Current library Shelving location Date acquired Source of acquisition Cost, normal purchase price Full call number Accession Number Koha item type
    PHARMACY JRU Library JRU Library Shelf - 27- H 19/10/2022 LOHIA BOOK INTERNATIONAL 750.00 615.190-BEC-P 26927 Books
    PHARMACY JRU Library JRU Library Shelf - 27- H 19/10/2022 LOHIA BOOK INTERNATIONAL 750.00 615.190-BEC-P 26928 Books